000
00322nam a22001217a 4500
008
180504b xxu||||| |||| 00| 0 eng d
041
_a
eng
080
_a
043.3
100
_a
0
101
_a
MEK-BTH
245
_a
Analysis of controllers with FUZZY Logic (Analiza e kontrolleve me FUZZY Logic)
_c
Murati,F
942
_2
udc
_c
BK
999
_c
45672
_d
45672